MARC

LEADER 00000nam0a2200000 4500
001 56438
005 20231101211614.0
035 |a (RuTPU)RU\TPU\book\59283 
090 |a 56438 
100 |a 20030929d1969 km y0rusy50 ca 
101 0 |a rus 
102 |a RU 
105 |a a z 001zy 
200 1 |a Дроссели переменного тока радиоэлектронной аппаратуры. Катушки со сталью  |f А. М. Бамдас, Ю. А. Савиновский 
210 |a Москва  |c Советское радио  |d 1969 
215 |a 248 с.  |c ил. 
320 |a Библиогр.: с. 242-246. 
606 1 |a Радиоэлектронная аппаратура  |x Дроссели управляемые  |2 stltpush  |3 (RuTPU)RU\TPU\subj\23438  |9 48035 
606 1 |a Катушки индуктивности  |x Параметры  |2 stltpush  |3 (RuTPU)RU\TPU\subj\14124  |9 40591 
610 1 |a радиоэлектроника 
610 1 |a радиоэлектронная аппаратура 
610 1 |a дроссели 
610 1 |a переменный ток 
610 1 |a катушки со сталью 
610 1 |a магнитопроводы 
610 1 |a ферромагнетики 
610 1 |a проектирование 
675 |a 621.396.662  |v 3 
675 |a 621.318.43  |v 3 
700 1 |a Бамдас  |b А. М.  |g Александр Маркович 
701 1 |a Савиновский  |b Ю. А.  |g Юрий Александрович 
801 1 |a RU  |b 63413507  |c 20030929  |g PSBO 
801 2 |a RU  |b 63413507  |c 20221102  |g PSBO 
942 |c BK